Loading...
History - World History | 0 | 7 | 0 | 1 | 70 | 31 | 69.29 | 4 | 7 |
History - American History | 0 | 7 | 2 | 0 | 60 | 38 | 52.14 | 6 | 7 |
History - Other History | 0 | 5 | 0 | 2 | 50 | 61 | 97.80 | 4 | 5 |
History - European History | 0 | 5 | 2 | 0 | 40 | 13 | 39.00 | 5 | 5 |
Religion | 0 | 3 | 0 | 1 | 30 | 83 | 96.33 | 1 | 3 |
Science - Physics | 0 | 1 | 0 | 0 | 10 | 58 | 58.00 | 1 | 1 |
Fine Arts - Painting & Sculpture | 0 | 1 | 0 | 0 | 10 | 101 | 101.00 | 0 | 0 |
Literature - American Literature | 0 | 1 | 0 | 0 | 10 | 114 | 114.00 | 0 | 1 |
Philosophy | 0 | 1 | 0 | 0 | 10 | 110 | 110.00 | 0 | 1 |
Science - Biology | 0 | 1 | 0 | 1 | 10 | 118 | 118.00 | 0 | 1 |
Mythology | 0 | 1 | 1 | 0 | 5 | 102 | 102.00 | 1 | 1 |
Science - Chemistry | 0 | 0 | 1 | 0 | -5 | 0.00 | 0 | 0 | |
Fine Arts - Other Fine Arts | 0 | 0 | 2 | 0 | -10 | 0.00 | 0 | 0 |